000 00345nam a22001337a 4500
082 _a510
_bSPE
100 _aSperling, Abraham
_938940
245 _aMathematics made simple
260 _aHeinemann
_bLondon
_c1981
300 _axi, 272 p, :
_bIll, :
_c10 Cm
526 _a0
_b0
_c0
_d510_000000000000000_SPE
650 _aMCE
_9379
942 _2ddc
_cBK
999 _c543544
_d543544